000 00781nam a22002297a 4500
003 OSt
005 20230202165140.0
008 221012b |||||||| |||| 00| 0 eng d
020 _a80 8059 049 4
040 _cBiblioteca Lado V
082 _a700.74
_bN433i
100 _9742
_aNemeth, Ilona
_eartista
245 _aIliona Nemeth | Jiri Suruvka/
260 _aGallery in Bratislava
_aNational Gallery in Prague
_c2001
_bEslovaquia
300 _a85p.
_c16x24cm
650 _2Tesauro de Arte & Arquitectura
_aCATALOGO
650 _2Tesauro de Arte & Arquitectura
_aEXHIBICION
650 _2Tesauro de Arte & Arquitectura
_aARTE
650 _2Tesauro de Arte & Arquitectura
_aBIENAL
700 _aSuruvka, Jiri
_eartista
942 _2ddc
_c1
_h700.74
_iN433i
_n0
999 _c3052
_d3052